Statistiques concernant Passages frontaliers n°3

Cliquez ici pour prendre le quiz!

Statistiques générales

  • Ce quiz a été pris 121 fois
  • Le résultat moyen est 17 sur 24

Statistiques - réponses

DépartDirectionArrivée% Correct
UruguaynordBrésil
97%
ÉquateursudPérou
85%
KazakhstanestChine
84%
MonacoestFrance
83%
LettonieestRussie
83%
MadagascarouestMozambique
76%
JordaniesudArabie saoudite
75%
BhoutannordChine
75%
ArménienordGéorgie
74%
République DominicaineouestHaïti
74%
MadagascarnordComores
72%
RoumanieouestHongrie
71%
TaïwansudPhilippines
70%
SuisseestLiechtenstein
69%
République CentrafricainenordTchad
69%
Guatemalanord-estBelize
67%
BruneisudMalaisie
67%
TadjikistanouestOuzbékistan
67%
MongolieouestKazakhstan
66%
Guinée ÉquatorialenordCameroun
65%
IrlandeouestCanada
63%
Trinité-et-TobagosudVenezuela
59%
ZambieestMalawi
57%
MaldivesestSri Lanka
54%

Distribution des résultats

Percentile par nombre de réponses

% des personnes avec chaque résultat

Votre développement - résultats

Vous n’avez pas pris ce quiz